Predikcia popularity ponúk v prostredí elektronického obchodu

Guardado en:
Detalles Bibliográficos
Autor principal: Valčičák, Miroslav (Autor)
Otros Autores: Kompan, Michal (Orientador)
Formato: Manuscrito Libro
Lenguaje:eslovaco
Publicado: 2020
Materias:
Acceso en línea:http://is.stuba.sk/zp/portal_zp.pl?podrobnosti=145509
Etiquetas: Agregar Etiqueta
Sin Etiquetas, Sea el primero en etiquetar este registro!

MARC

LEADER 00000ntm a22000003a 4500
001 stuzp80762
003 SK-STU
005 20200613213228.7
007 ta
008 150427s2015----xo-----f-mn---000-0-slo-d
040 |a STU  |b slo 
041 0 |a slo 
100 1 |a Valčičák, Miroslav  |u 070200  |k Z4  |4 aut  |U FIIT Fakulta informatiky a informačných technológií  |T FIIT Ústav informatiky, informačných systémov a softvérového inžinierstva  |X 74332  |U I200  |Y 179  |7 74332 
242 0 1 |a Predicting offer popularity in e-commerce environment  |y eng 
245 1 0 |a Predikcia popularity ponúk v prostredí elektronického obchodu 
260 |c 2020 
650 4 |a elektronický obchod  |2 slo 
650 4 |a popularita  |2 slo 
650 4 |a predikcia  |2 slo 
650 4 |a prediction  |2 eng 
650 4 |a popularity  |2 eng 
650 4 |a e-commerce  |2 eng 
700 1 |a Kompan, Michal  |u 070200  |k Z1  |4 ths  |U FIIT Fakulta informatiky a informačných technológií  |T FIIT Ústav informatiky, informačných systémov a softvérového inžinierstva  |X 29626  |U I200  |Y 179  |7 29626 
856 4 |u http://is.stuba.sk/zp/portal_zp.pl?podrobnosti=145509